Электронные цифровые вычислительные машины. (Основы теории, принципы построения, элементы и устройства машин)

Bibliografiska uppgifter
Huvudupphovsman: Дроздов Е. А. Евгений Афанасьевич
Övriga upphovsmän: Комарницкий В. А. Владимир Александрович, Пятибратов А. П. Александр Петрович
Sammanfattning:Исключено из фонда НТБ ТПУ
Språk:ryska
Publicerad: Москва, Воениздат, 1968
Materialtyp: MixedMaterials Bok
KOHA link:https://koha.lib.tpu.ru/cgi-bin/koha/opac-detail.pl?biblionumber=77380

MARC

LEADER 00000nam0a2200000 4500
001 77380
005 20231031092902.0
035 |a (RuTPU)RU\TPU\book\82980 
090 |a 77380 
100 |a 20050519d1968 km y0rusy50 ca 
101 0 |a rus 
102 |a RU 
105 |a a z 001zy 
200 1 |a Электронные цифровые вычислительные машины. (Основы теории, принципы построения, элементы и устройства машин)  |f Е. А. Дроздов , В. А. Комарницкий, А. П. Пятибратов 
210 |a Москва  |c Воениздат  |d 1968 
215 |a 600 с.  |c ил.  |e черт. 
320 |a Библиогр.: с. 597-598. 
333 |a Исключено из фонда НТБ ТПУ 
675 |a 681.142.32  |v 3 
700 1 |a Дроздов  |b Е. А.  |g Евгений Афанасьевич 
701 1 |a Комарницкий  |b В. А.  |g Владимир Александрович 
701 1 |a Пятибратов  |b А. П.  |g Александр Петрович 
801 1 |a RU  |b 63413507  |c 20050519  |g PSBO 
801 2 |a RU  |b 63413507  |c 20230116  |g PSBO 
942 |c BK